Szczegóły MARC21

Wirtschaftspolitik : eine praxisorientierte Einführung /

003 -Nazwa inst., której nr kontr. jest w polu 001 [,]
    • @
    • Nazwa instytucji, której n kontrolny jest w polu 001
    • NUKAT
005 -DATA I CZAS OSTATNIEJ MODYFIKACJI [,]
    • @
    • pole kontrolne
    • 20241231114257.0
020 -Międzynarod. znormalizowany nr książki - ISBN [ , ]
    • a
    • Numer ISBN
    • 382521317X Find
    • q
    • Dopowiedzenie
    • UTB
020 -Międzynarod. znormalizowany nr książki - ISBN [ , ]
    • a
    • Numer ISBN
    • 3437402846 Find
    • q
    • Dopowiedzenie
    • Fischer
040 -Instytucja sporządzająca opis [ , ]
    • a
    • Instytucja, która sporządziła opis (NP)
    • SZCZ U/KLR
    • b
    • Język katalogowania
    • pol
    • e
    • Zasady katalogowania
    • rda
    • c
    • Instytucja, która sporządziła rekord (NP)
    • SZCZ U/KLRs
942 -Rodzaj dokumentu [ , ]
    • c
    • Rodzaj dokumentu
    • Książka
100 -Hasło główne - nazwa osobowa [1, ]
    • a
    • Nazwa osobowa (NP)
    • Altmann, Jörn
    • d
    • Daty biograficzne (NP)
    • (1945- ).
    • e
    • Rodzaj współpracy
    • Autor
    • 9
    • KHW
    • 709407
245 -Strefa tytułu i oznaczenia odpowiedzialności [1,0]
    • a
    • Tytuł
    • Wirtschaftspolitik : Find
    • b
    • Ciąg dalszy tytułu (NP)
    • eine praxisorientierte Einführung / Find
    • c
    • Pozostałe elementy strefy tytułu i oznaczenia odpowiedzialności (NP)
    • Jörn Altmann.
250 -Strefa wydania [ , ]
    • a
    • Oznaczenie wydania (NP)
    • 5., erweiterte und völlig überarbeitete Auflage.
260 -Strefa adresu wydawniczego [ , ]
    • a
    • Miejsce wydania (P)
    • Stuttgart ;
    • a
    • Miejsce wydania (P)
    • Jena :
    • b
    • Nazwa wydawcy (P)
    • Gustav Fischer Verlag,
    • c
    • Data wydania (P)
    • 1992.
300 -Strefa opisu fizycznego [ , ]
    • a
    • Określenie formy książki i/lub objętość (NP)
    • XXII, 454 strony :
    • b
    • Oznaczenie ilustracji (NP)
    • ilustracje ;
    • c
    • Format (NP)
    • 19 cm.
336 -Typ zawartości [ , ]
    • a
    • Termin opisujący typ zawartości
    • Tekst
    • b
    • Kod określający zawartość
    • txt
    • 2
    • Źródło (terminu i kodu)
    • rdacontent
337 -Typ mediów [ , ]
    • a
    • Tryb odtwarzania
    • Bez urządzenia pośredniczącego
    • b
    • Kod typu mediów
    • n
    • 2
    • Źródło (terminu i kodu)
    • rdamedia
338 -Typ/rodzaj nośnika [ , ]
    • a
    • Hasło opisujące typ nośnika
    • Wolumin
    • b
    • Kod typu nośnika
    • nc
    • 2
    • Źródło (terminu i kodu)
    • rdacarrier
490 -Strefa serii i książki wielotomowej - forma nie do wyszukiwania [1, ]
    • a
    • Tytuł (P)
    • UTB Uni-Taschenbücher ; Find
    • v
    • Numeracja (P)
    • Bd. 1317
830 -Hasło dodatkowe serii i opisu książki wielotomowej - tytuł ujednolicony/tytuł [ ,0]
    • a
    • Tytuł ujednolicony/tytuł (NP)
    • UTB Uni-Taschenbücher
    • x
    • ISSN
    • 0340-7225
    • v
    • Oznaczenie tomu (NP)
    • Bd. 1317
    • 9
    • KHW
    • 15685
500 -Uwaga ogólna [ , ]
    • a
    • Uwaga ogólna (NP)
    • Na stronie tytułowej: 219 Abbildungen.
504 -Uwaga dot. bibliogr. załącznikowej [ , ]
    • a
    • Uwaga dot. bibliografii załącznikowej
    • Bibliografia na stronach 429-439. Indeks.
080 -Uniwersalna Klasyfikacja Dziesiętna [ , ]
    • a
    • Symbol klasyfikacji
    • 33=30
650 -Hasło przedmiotowe [ ,7]
    • a
    • Hasło przedmiotowe
    • Ekonomia.
    • 2
    • Źródło terminu
    • kaba
    • 9
    • KHW
    • 107454
650 -Hasło przedmiotowe [ ,7]
    • a
    • Hasło przedmiotowe
    • Polityka gospodarcza.
    • 2
    • Źródło terminu
    • kaba
    • 9
    • KHW
    • 124650
980 -Symbol UKD [ , ]
    • a
    • UKD
    • 33=30
710 -Hasło dodatkowe - nazwa ciała zbiorowego [2, ]
    • a
    • Nazwa ciała zbiorowego lub nazwa geograficzna jako pierwszy element (NP)
    • Gustav Fischer Verlag.
    • e
    • Rodzaj współpracy
    • Wydawca
    • 4
    • Kod relacji
    • pbl
    • 9
    • KHW
    • 59331
920 -ISBN [ , ]
    • a
    • ISBN
    • 3-8252-1317-X Find
    • q
    • Dopowiedzenie
    • UTB
920 -ISBN [ , ]
    • a
    • ISBN
    • 3-437-40284-6 Find
    • q
    • Dopowiedzenie
    • Fischer
Data inwentaryzacji Lokalizacja Sygnatura Numer inwentarzowy Status udost.
1996-01-03BE S.781072
1997-02-14BE S.799252
1997-02-14BE S.799262
1997-02-14BE S.799272
1997-02-14BE S.79928-3
1996-01-03BEFUNDACJA POLSKO-NIEMIECKAS.78105-6
1996-01-03BE S.78106-6
1996-01-03BE S.781082
1996-01-03BEFUNDACJA POLSKO-NIEMIECKAE.63368-2
1997-02-14BEFUNDACJA POLSKO-NIEMIECKAE.64115-2
1996-01-03BEFUNDACJA POLSKO-NIEMIECKAS.781092
1996-01-03BEFUNDACJA POLSKO-NIEMIECKAS.781102
1996-01-03BEFUNDACJA POLSKO-NIEMIECKAS.781112
1996-01-03BEFUNDACJA POLSKO-NIEMIECKAS.78104-6
2001-01-09BEFUNDACJA POLSKO-NIEMIECKAS.87442-2